Normal view
MARC view
- Waris, Muhammad Asim
Entry Personal Name
001 - CONTROL NUMBER
- control field: 16293
003 - CONTROL NUMBER IDENTIFIER
- control field: NUST
005 - DATE AND TIME OF LATEST TRANSACTION
- control field: 20190702060842.0
008 - FIXED-LENGTH DATA ELEMENTS
- fixed length control field: 190702|| aca||aabn | a|a d
040 ## - CATALOGING SOURCE
- Original cataloging agency: NUST
- Transcribing agency: NUST
100 ## - HEADING--PERSONAL NAME
- Personal name: Waris, Muhammad Asim
670 ## - SOURCE DATA FOUND
- Source citation: Work cat.: (NUST): Waris, Muhammad Asim, Classification of Functional motions of Hand for Upper Limb Prosthesis With Surface Electromyography (EMG) /, 2013.
